| 000 | 00740nam a2200241 4500 | ||
|---|---|---|---|
| 999 |
_c127040 _d127040 |
||
| 001 | 1724183 | ||
| 003 | ARRUPE | ||
| 005 | 20171005114123.0 | ||
| 008 | 740529s1974 nyu 001 0 eng | ||
| 010 | _a 73018759 | ||
| 020 | _a0155706829 | ||
| 040 |
_aDLC _cDLC _dDLC |
||
| 050 | 0 | 0 |
_aPR1175 _b.B723 |
| 082 | 0 | 0 | _a821/.008 |
| 100 | 1 |
_aBrady, Frank. _936719 |
|
| 245 | 1 | 0 |
_aPoetry: past and present _cFrank Brady and Martin Price. |
| 260 |
_aNew York, _bHarcourt Brace Jovanovich _c[1974] |
||
| 300 |
_axxvi, 527 p. _c24 cm. |
||
| 650 | 0 |
_aEnglish poetry. _936720 |
|
| 650 | 0 |
_aAmerican poetry. _936721 |
|
| 700 | 1 |
_aPrice, Martin, _d1920- _ejoint author. _936722 |
|
| 906 |
_a7 _bcbc _corignew _d2 _eocip _f19 _gy-gencatlg |
||
| 942 |
_2lcc _cMONOGRAPH |
||